000
00336nam a22001457a 4500
008
210311b ||||| |||| 00| 0 eng d
020
_a
113336540x
041
_a
eng
080
_2
9th
_a
510
082
_a
510
100
_a
36
101
_a
MAT
245
_a
Intermediate Algebra an Applied Approach
_c
Aufmann, R. N
942
_2
udc
_c
BK
999
_c
56410
_d
56410